Welcome to the Holygrace Academy Library

Please use search bar below to get started

HORROR STORIES (Record no. 3536)

MARC details
000 -LEADER
fixed length control field 00288nam a22001337a 4500
020 ## - INTERNATIONAL STANDARD BOOK NUMBER
ISBN 978-93-80078-50-2
082 ## - DEWEY DECIMAL CLASSIFICATION NUMBER
Classification number 823
Item number MOO/H
100 ## - MAIN ENTRY--AUTHOR NAME
Personal name MOORE, PATRICIA
245 ## - TITLE STATEMENT
Title HORROR STORIES
260 ## - PUBLICATION, DISTRIBUTION, ETC. (IMPRINT)
Place of publication DELHI
Name of publisher MAANU GRAPHICS
300 ## - PHYSICAL DESCRIPTION
Number of Pages 224
650 ## - SUBJECT ADDED ENTRY--TOPICAL TERM
Topical Term STORY BOOK
Geographic subdivision INDIA
942 ## - ADDED ENTRY ELEMENTS (KOHA)
Koha item type Books
Holdings
Withdrawn status Lost status Collection code Home library Current library Shelving location Date acquired Source of acquisition Cost, normal purchase price Full call number Accession Number Koha item type
    Fiction Main Library Main Library SHELF 14 H ALPHEBETICAL - M-FICTION 06/05/2015 purchase 95.00 823 MOO/H 05325 Books